| 000 | 00878nam a2200193 a 4500 | ||
|---|---|---|---|
| 008 | 120416s1979 ||||||||||||||||| || u | ||
| 020 | _a0855050330 | ||
| 050 | _aHF 5635 Tow | ||
| 100 | _aTownsley, Joe | ||
| 245 | 1 | 0 | _aNumeracy and accounting |
| 260 |
_aLondon _bLongman _c1979 |
||
| 300 | _a[iv], 352p. : ill. | ||
| 350 | _a0.00 | ||
| 650 | 0 | _aACCOUNTING--HANDBOOKS, MANUALS, ETC | |
| 650 | _aNUMERACY | ||
| 995 |
_D0.00 _FCBU-MAIN LIBRARY (Kitwe) _H2 _I4.00 _UAVAILABLE _ZMain Library Open Access Collection |
||
| 995 |
_D0.00 _FCBU-MAIN LIBRARY (Kitwe) _H1 _I4.00 _UAVAILABLE _ZMain Library Open Access Collection |
||
| 995 |
_D0.00 _FCBU-SCHOOL TEXTBOOK COLLECTIONS _H1 _I0.00 _M3 _UAVAILABLE _WSep 18, 2009 _ZSchool Collections |
||
| 999 |
_c81513 _d81513 |
||